Social Relations in a secondary school. (Record no. 2743)

MARC details
000 -LEADER
fixed length control field 00505nam a22001937a 4500
003 - CONTROL NUMBER IDENTIFIER
control field OSt
005 - DATE AND TIME OF LATEST TRANSACTION
control field 20151127191616.0
008 - FIXED-LENGTH DATA ELEMENTS--GENERAL INFORMATION
fixed length control field 151127b xxu||||| |||| 00| 0 eng d
016 ## - NATIONAL BIBLIOGRAPHIC AGENCY CONTROL NUMBER
Source DDC.
040 ## - CATALOGING SOURCE
Transcribing agency DDC.
082 ## - DEWEY DECIMAL CLASSIFICATION NUMBER
Classification number 373HAR 1998
100 ## - MAIN ENTRY--PERSONAL NAME
Personal name Hargreaves H.David.
9 (RLIN) 6383
245 ## - TITLE STATEMENT
Title Social Relations in a secondary school.
260 ## - PUBLICATION, DISTRIBUTION, ETC. (IMPRINT)
Place of publication, distribution, etc. London.
Name of publisher, distributor, etc. Routledge.
Date of publication, distribution, etc. 1998.
300 ## - PHYSICAL DESCRIPTION
Extent 226p;
Other physical details ill.
Dimensions 23cm
504 ## - BIBLIOGRAPHY, ETC. NOTE
Bibliography, etc includes notes and index.
650 ## - SUBJECT ADDED ENTRY--TOPICAL TERM
Topical term or geographic name as entry element Social relations.
9 (RLIN) 6384
942 ## - ADDED ENTRY ELEMENTS (KOHA)
Source of classification or shelving scheme Dewey Decimal Classification
Koha item type Short Loan
Holdings
Withdrawn status Lost status Source of classification or shelving scheme Damaged status Not for loan Home library Current library Date acquired Source of acquisition Inventory number Total Checkouts Full call number Barcode Date last seen Price effective from Koha item type
    Dewey Decimal Classification     MUST Main Library MUST Main Library 27/11/2015   2000/14615   373HAR 1998 2015-2848 27/11/2015 27/11/2015 Short Loan